Contractors move to end retentions (Record no. 65925)
[ view plain ]
| 000 -LEADER | |
|---|---|
| fixed length control field | 00809cam a2200193 4500 |
| 001 - CONTROL NUMBER | |
| control field | WB3705-01 |
| 008 - FIXED-LENGTH DATA ELEMENTS--GENERAL INFORMATION | |
| fixed length control field | 000000n2001 000 0 eng u |
| 035 ## - SYSTEM CONTROL NUMBER | |
| System control number | (Sirsi) u110628 |
| 245 ## - TITLE STATEMENT | |
| Title | Contractors move to end retentions |
| 260 ## - PUBLICATION, DISTRIBUTION, ETC. | |
| Date of publication, distribution, etc. | 2001 |
| 490 ## - SERIES STATEMENT | |
| Series statement | Contract Journal |
| Volume/sequential designation | 407(6311) 24 January 2001, 4(1) |
| 520 ## - SUMMARY, ETC. | |
| Summary, etc. | A survey has identified the system of retentions as the single most important factor currently affecting firms' profitability. In response to these findings, the specialist contractors' body, the Constructors' Liaision Group, is leading a national campaign to eliminate the system of retentions. |
| 590 ## - LOCAL NOTE (RLIN) | |
| Local note | WB |
| 650 ## - SUBJECT ADDED ENTRY--TOPICAL TERM | |
| Topical term or geographic name entry element | RETENTIONS |
| 650 ## - SUBJECT ADDED ENTRY--TOPICAL TERM | |
| Topical term or geographic name entry element | CONSTRUCTORS' LIAISON GROUP |
| 650 ## - SUBJECT ADDED ENTRY--TOPICAL TERM | |
| Topical term or geographic name entry element | PROFITABILITY |
| 690 ## - LOCAL SUBJECT ADDED ENTRY--TOPICAL TERM (OCLC, RLIN) | |
| Topical term or geographic name as entry element | BUILT ENVIRONMENT-BUILDING CONTRACT FORMS |
| 942 ## - ADDED ENTRY ELEMENTS (KOHA) | |
| Suppress in OPAC | 0 |
| Withdrawn status | Lost status | Source of classification or shelving scheme | Damaged status | Not for loan | Home library | Current library | Shelving location | Date acquired | Total Checkouts | Full call number | Barcode | Date last seen | Copy number | Price effective from | Koha item type |
|---|---|---|---|---|---|---|---|---|---|---|---|---|---|---|---|
| Dewey Decimal Classification | London | London | News article | 30/01/2001 | WB3705-01 | 110628-1001 | 06/08/2019 | 1 | 06/08/2019 | News article |